International reports

Salvato in:
Dettagli Bibliografici
Natura: Periodico
Lingua:inglese
Pubblicazione: Berlin Konrad-Adenauer-Stiftung 2015
Soggetti:
Tags: Aggiungi Tag
Nessun Tag, puoi essere il primo ad aggiungerne!!

MARC

LEADER 00000nas2a2200000 4500
001 0262012
005 20200131132521.0
022 |a 0177-7521 
041 0 |a eng 
044 |a DE 
245 1 0 |a International reports 
264 1 |a Berlin  |b Konrad-Adenauer-Stiftung  |c 2015 
773 0 |w eu_un_cat*0071597 
610 2 0 |a politika medzinárodná 
610 2 0 |a vzťahy medzinárodné 
610 2 0 |a kooperácia hospodárska medzinárodná